000 00296nam a2200133Ia 4500
100 _aBanga/T.R/ Makker/B.R
942 _cBK
654 _ahydraulics
245 _aHydraulics and fluid mechanics
260 _bKhanna
_aNew Delhi
_c1984
082 _a532
_bBAN
300 _a654
546 _aENGLISH
999 _c33354
_d33354